| 000 | 00816nam a22002777a 4500 | ||
|---|---|---|---|
| 001 | 000317 | ||
| 003 | DO-SdBNP | ||
| 005 | 20171121092652.0 | ||
| 007 | 000317 | ||
| 008 | 160624b 2008 sp xxu||||| |||| 00| 0 spa d | ||
| 020 | _a9788420474380 | ||
| 040 |
_aBPMSU _bspa _cBPMSU |
||
| 082 | 4 |
_a863.64 _bL872y, 2008 |
|
| 100 | 1 |
_aLoriga, Ray, _d1967- |
|
| 245 | 1 | 0 |
_aYa sólo habla de amor / _cRay Loriga. |
| 250 | _a2ª ed. | ||
| 260 |
_aMadrid : _bAlfaguara, _c2008. |
||
| 300 |
_a176 p. ; _c24 cm. |
||
| 500 | _aIncluye datos biográficos del autor en la solapa de la cubierta. | ||
| 650 | 4 | _aCUENTOS ESPAÑOLES | |
| 650 | 4 | _aLITERATURA ESPAÑOLA | |
| 910 | _aValidado. Control de calidad MFF | ||
| 942 |
_2ddc _cBK |
||
| 945 | _aInventariado, 2017/MFF | ||
| 956 |
_2LOPEREZ _310 _620160624 _8BPMSU _a00041 |
||
| 999 |
_c10572 _d10572 |
||